Bank Holidays (U.K.) Quiz Stats

 Plays Quiz Updated Dec 31, 2019

Support Sporcle.
Go Orange.
Score 0/8 Timer 04:00
2 Plays Today
Date Holiday % Correct
December 25thChristmas Day
97.1%
January 1stNew Year's Day
96.6%
The Friday before Easter SundayGood Friday
87.8%
December 26thBoxing Day
81.8%
The day after Easter SundayEaster Monday
63.3%
First Monday in MayEarly May Bank Holiday
57.4%
Last Monday in AugustSummer Bank Holiday
24.2%
Last Monday in MaySpring Bank Holiday
23.2%

From the Vault

1970s Songs by 5 Words

by BorezU

Music 5m
You know a song's memorable if you can pick it out from just five words.
Remove Ads.
Support Sporcle.
Get the best of Sporcle when you Go Orange. This ad-free experience offers more features, more stats, and more fun while also helping to support Sporcle. Thank you for becoming a member.

Show Comments

Extras

Top Quizzes Today


Score Distribution

Your Account Isn't Verified!

In order to create a playlist on Sporcle, you need to verify the email address you used during registration. Go to your Sporcle Settings to finish the process.

Report this User

Report this user for behavior that violates our Community Guidelines.

Details: